| 000 | 00926cam a2200301 a 4500 | ||
|---|---|---|---|
| 001 | 4473171 | ||
| 005 | 20200421093823.0 | ||
| 008 | 100819s2011 enk b 001 0 eng|d | ||
| 015 |
_aGBB0A4779 _2bnb |
||
| 020 |
_a9781408702871 (hbk.) : _c£20.00 |
||
| 020 |
_a1408702878 (hbk.) : _c£20.00 |
||
| 035 | _a(Uk)015639437 | ||
| 035 | _a2366453 | ||
| 040 |
_aStDuBDS _beng _cStDuBDS _dUk |
||
| 042 | _aukblcatcopy | ||
| 082 | 0 | 4 |
_a335.4 _222 |
| 100 | 1 |
_aHobsbawm, E. J. _q(Eric J.), _d1917- |
|
| 245 | 1 | 0 |
_aHow to change the world : _bMarx and Marxism, 1840-2011 / _cEric Hobsbawm. |
| 260 |
_aLondon : _bLittle, Brown, _c2011. |
||
| 300 |
_aviii, 470 p. ; _c24 cm. |
||
| 500 |
_aFormerly CIP. _5Uk |
||
| 504 | _aIncludes bibliographical references and index. | ||
| 600 | 1 | 0 |
_aMarx, Karl, _d1818-1883. _9785 |
| 650 | 0 |
_aCommunism. _9466 |
|
| 650 | 0 |
_aSocialism. _9467 |
|
| 650 | 0 |
_aPhilosophy, Marxist. _9468 |
|
| 942 |
_2ddc _cBK |
||
| 999 |
_c227 _d227 |
||